000 01185nam a2200277 a 4500
001 BRCA_4327
005 20190320204629.0
008 250610r18291990mx-ah#####---#000-0#spa-#
020 _a9686120076
041 _aspa
044 _amx
050 4 _aTN28
_b.S45 1990
245 1 0 _aSeis panorámicas de los más importantes poblados y distritos mineros del altiplano de México
_bdibujadas por la Sra. H. G. Ward y grabadas por el Sr. Pye con datos estadísticos de población
_ctraducción y comentario de Elena Horz de Vía.
260 _aMéxico
_bBanco de México
_c1990
300 _a1 v. (sin paginación)
_bil.
_c36 cm.
_e1 portafolio con 6 láminas
500 _aFacsímil de: Six Views of the Most Important Towns, and Mining Districts, Upon the Table Land of Mexico. Londres: Henry Colburn, 1829
500 _aTítulo en cubierta: Panorámicas de México
500 _aPor su formato NO se presta a domicilio
650 1 4 _aMinas
_ySiglo XIX
_zMéxico
_911092
651 4 _aMéxico
_xDescripción y viajes
_9103
653 0 _aViajeros extranjeros en México
700 1 _aWard, H. G.
_911093
700 1 _aPye
_911094
700 1 _aHorz de Via, Elena
_9499
942 _2lcc
_cB
999 _c4038
_d4038